000 00374nam a2200157Ia 4500
008 210716s1997 xx 000 0 und d
020 _a672310392
041 _aeng
082 _a005.268 MCFP
100 _aMcfedries, Paul.
245 _aWindows 95.
250 _a1
260 _aUSA
_bSAMS publishing
_c1997
300 _axxxix,1586
650 _aMSWindows OP(005.43769)
999 _c181231
_d181231